000 00268nam a2200109Ia 4500
999 _c5871
_d5871
020 _a978-93-5316-203-0
100 _aSergio Franco
245 0 _aAnalog Circuit Design Discrete and Integrated
260 _aNew Delhi
_bMc Graw Hill
_c2018
300 _a847
942 _cBK